000 00503 a2200193 4500
005 20260313111219.0
008 260312b |||||||| |||| 00| 0 eng d
020 _a9789350027127
_cRs. 695.00
040 _aMAIN
082 _a335.409
_bH653H
100 _aHobsbawm. Eric J, ed.
245 _aHistory of Marxism: Marxism in Marx’s day
260 _bAakar Books
_aDelhi
_c2021
300 _axxi, 349
650 _aEconomics
650 _aMarxism
650 _aSocialism Tradition
942 _cBK
999 _c394683
_d394683